Biblioteca

Umwelt des Neuen Testaments (Registro nro. 65795)

Detalles MARC
000 -LÍDER
Campo fijo de descripción fija 03899nam a2200373 i 4500
001 - NÚMERO DE CONTROL
Campo de control 768714001
003 - IDENTIFICADOR DEL NÚMERO DE CONTROL
Campo de control CO-MdFUSB
005 - FECHA Y HORA DE LA ULTIMA TRANSACCIÓN
control field 20230120075539.0
007 - CAMPO FIJO DE DESCRIPCIÓN FIJA--INFORMACIÓN GENERAL
Campo fijo de descripción fija ta
008 - ELEMENTOS DE LONGITUD FIJA -- INFORMACIÓN GENERAL
Campo fijo de descripción fija -- Información general 720731t1971 gw 000 0 ger u
010 ## - NÚMERO DE CONTROL DE LA BIBLIOTECA DEL CONGRESO
Número de control LC 72888338
020 ## - NÚMERO INTERNACIONAL NORMALIZADO PARA LIBROS
Número Internacional Normalizado del libro [No incluye ISBN]
040 ## - FUENTE DE CATALOGACIÓN
Agencia que realiza la transcripción CO-MdFUSB
Agencia que realiza la modificación CUF
-- CO-MdFUSB
-- UtOrBLW
Agencia de catalogación original CO-MdFUSB
Idioma de catalogación spa
Convenciones de la descripción rda
041 ## - CÓDIGO DE IDIOMA
Código de idioma para texto/pista de sonido o título separado ger
082 ## - NÚMERO DE CLASIFICACIÓN DECIMAL DEWEY
Número de la edición del Dewey 23
Número de clasificación 225.95
Clave de autor-Numero de item L833
100 1# - ASIENTO PRINCIPAL--NOMBRE PERSONAL
Nombre personal Lohse, Eduard,
Fechas asociadas con el nombre 1924-2015.
Término relacionador autor
245 10 - TÍTULO
Título del Material Umwelt des Neuen Testaments
Mención de responsabilidad, etc. / Eduard Lohse
264 #1 - PRODUCCIÓN, PUBLICACIÓN, DISTRIBUCIÓN, MANUFACTURA, Y COPYRIGHT
Lugar de producción, publicación, distribución, manufactura Göttingen :
Nombre del productor, publicador, distribuidor Vandenhoeck u. Ruprecht,
Fecha de producción, publicación, distribución, manufactura, o copyright [1971]
264 #1 - PRODUCCIÓN, PUBLICACIÓN, DISTRIBUCIÓN, MANUFACTURA, Y COPYRIGHT
Fecha de producción, publicación, distribución, manufactura, o copyright © 1971
300 ## - DESCRIPCIÓN FÍSICA
Extensión 224 páginas :
Otros detalles físicos mapas ;
Dimensiones 24 cm.
336 ## - TIPO DE CONTENIDO
Término de tipo de contenido texto
Código de tipo de contenido txt
Fuente rdacontent.
337 ## - TIPO DE MEDIO
Nombre del tipo de medio sin mediación
Código del tipo de medio n
Fuente rdamedia.
338 ## - TIPO DE SOPORTE
Nombre del tipo de soporte volumen
Código Tipo de soporte nc
Fuente rdacarrier.
490 1# - MENCIÓN DE SERIE
Mención de serie Grundrisse zum Neuen Testament, Bd. 1.
504 ## - NOTA DE BIBLIOGRAFÍA, ETC.
Nota de bibliografía, etc Incluye referencias bibliográficas págians (207-213)
505 ## - NOTA DE CONTENIDO
Nota de contenido con formato preestablecido Parte I: judaísmo en el período del Nuevo Testamento; Capítulo 1: La historia política del judaísmo en el período helenístico; 1. Palestina bajo el dominio persa; 2. Palestina bajo Alejandro d. Tamaño y el gobierno de Egipto. 3. Palestina bajo el gobierno de Siria y la lucha macabea por la libertad; 4. La realeza asmonea; 5. Palestina bajo el dominio de los romanos; 6. La guerra judía y el levantamiento bajo Bar Kochba. Capítulo 2: Movimientos religiosos y tendencias espirituales en el judaísmo en la época del Nuevo Testamento) Apocalíptico; 1. La estructura básica del apocalíptico; 2. La literatura apocalíptica; b) grupos y comunidades en el judaísmo palestino; 1. Los saduceos; 2. Los fariseos; 3. Los zelotes; 4. Los esenios; 5) Los terapeutas; 6. La comunidad de Qumran; 7. Los escribas; c) judaísmo en la diáspora; 1. La diáspora judía en el mundo helenístico; 2. La Septuaginta; 3. Filón de Alejandría; 4. Josefo. Capítulo 3: Vida y fe judías en el período del Nuevo Testamento 1. Las condiciones sociales de los judíos en Palestina y en la diáspora; 2. El culto del templo en Jerusalén; 3. Las fiestas; 4. La sinagoga; 5. Escritura, ley y tradición; 6. Dios y el hombre; 7. Futura salvación; Parte II: El entorno helenístico-romano del Nuevo Testamento; CAPÍTULO I. Política y sociedad en el imperio romano en el siglo I d. C. 1. El Imperio Romano bajo el gobierno de los Césares; 2. Las condiciones sociales en el Imperio Romano en el siglo I d. 3. El culto imperial. Capítulo 2: Movimientos religiosos y corrientes intelectuales en el mundo helenístico-romano en la época del Nuevo Testamento 1. Los dioses de los griegos y romanos; 2. creencia popular y destino; 3. Las religiones misteriosas; 4. Filosofía popular; Capítulo 3: La Gnosis; 1. La estructura básica de la gnosis; 2. El Corpus Hermeticum como testimonio de la gnosis precristiana. . 3. La difusión de la gnosis en el siglo I d. C. Conclusión; Bibliografía Línea de tiempo; Registrarse a) registro de nombre; b) índice de materia; c) Registro de oficinas del Nuevo Testamento; Tabla de contenidos. La estructura básica de la Gnosis; 2. El Corpus Hermeticum como testimonio de la gnosis precristiana. . 3. La difusión de la gnosis en el siglo I d. C. Conclusión; Bibliografía Línea de tiempo; Registrarse a) registro de nombre; b) índice de materia; c) Registro de oficinas del Nuevo Testamento; Tabla de contenidos. La estructura básica de la Gnosis; 2. El Corpus Hermeticum como testimonio de la gnosis precristiana. . 3. La difusión de la gnosis en el siglo I d. C. Conclusión; Bibliografía Línea de tiempo; Registrarse a) registro de nombre; b) índice de materia; c) Registro de oficinas del Nuevo Testamento; Tabla de contenidos.
563 ## - NOTA DE ENCUADERNACIÓN
Nota de encuadernación Rústico
630 07 - TITULO UNIFORME
Título uniforme Biblia.
Nombre de parte o sección de la obra Nuevo Testamento
830 #0 - PUNTO DE ACCESO ADICIONAL DE SERIE - TÍTULO UNIFORME
Título uniforme Grundrisse zum Neuen Testament ;
Designación de volumen o secuencia Bd. 1.
942 ## - TIPO DE MATERIAL (KOHA)
Tipo de Item KOHA Libros General
945 ## - INFORMACIÓN LOCAL DEL REGISTRO
Catalogador JTF-925
Existencias
Estado de Material Estado de Perdido Forma de Clasificación Estado de Dañado No para Préstamo Colección Biblioteca de Origen Biblioteca Permanente Fecha de Adquisición Forma de Adquisición Área Total de Préstamos Signatura Topográfica Código de Barras Última vez visto Ejemplar/Existencia Fecha de Remplazo Tipo de Material
    Dewey Decimal Classification     Colección General Biblioteca FUSBC Biblioteca FUSBC 23/04/2020 Donación Nottingham BIBLIA   G 225.95 L833u 24565 23/04/2020 Ej.1 23/04/2020 Libros General

Biblioteca FUSBC | Teléfono: (57+4) 349 88 10 Ext. 141| WhatsApp (+57) 3005338115 
E-mail: biblioteca@unisbc.edu.co | Calle 76 87-14 Robledo Palenque, Medellín, Colombia

Con tecnología Koha